=LDR 00000nam 2200000 4500 =001 INLIS000000000045260 =005 20150112113102.0 =006 =007 =008 =020 ##$$a 979-798-662-4 =035 ##$$0010-011500000000086 =040 ##$$a 92 (buffet) =082 ##$$a 92 (buffet) =084 ##$$a 92 (buffet) =100 ##$$a Mark Tier =245 ##$$a the winning investment habits of warren buffett & George soros =260 ##$$a jakarta$b gramedia$c2004 =300 ##$$a vii,390 hlm,$b28cm =440 ##$$a Pelajaran yang dapat anda terapkan dari duo investor terkaya dunia =650 ##$$a bisnis =850 ##$$a NBPNMAT =990 ##$$a 21008473 =990 ##$$a 0001/BPAP-NTB/2015